000 00623nam a2200205 4500
001 123686
003 ES-MaACL
005 20230906192223.0
007 t|
008 070214s1981 sp r ||||1| spa d
100 1 _aQuintanilla, Miguel A. (
_d1945-)
_994700
245 1 0 _aA favor de la razón
_b: ensayos de filosofía moral /
_cMiguel Angel Quintanilla.
260 _aMadrid :
_bTaurus,
_c1981.
300 _a157 p. ;
_c21 cm.
490 1 _aEnsayistas ;
_v189
830 0 _aEnsayistas ;
_v189
_9177257
852 _aES-MaACL
_jL-1241
_bR.101743
852 _aES-MaACL
_jL-1327
_bR.102102
999 _c123686
_d123686